| 000 | 00506nam a2200169 i 4500 | ||
|---|---|---|---|
| 001 | 78537 | ||
| 003 | ES-MaACL | ||
| 005 | 20230906173735.0 | ||
| 007 | t| | ||
| 008 | 041014s1960 ag ||||1| spa d | ||
| 100 | 1 |
_aHarriman, William Averell. _961896 |
|
| 245 | 1 | 0 |
_a¿Paz con Rusia? / _cAverell Harriman ; [traducción de Alfredo Crespo]. |
| 260 |
_aBuenos Aires : _bPlaza & Janés, _c[1960] |
||
| 300 |
_a124 p. ; _c25 cm. |
||
| 700 | 1 |
_aCrespo, Alfredo. _941511 |
|
| 852 |
_aES-MaACL _jC-19205 _bR.47508 |
||
| 999 |
_c78537 _d78537 |
||